000 00256nam a2200109Ia 4500
008 200302s9999 xx 000 0 und d
100 _aAuthor
245 _aMimar Architecture in Development
260 _bMimar Publication
260 _c1989
300 _a46 P.,
999 _c805
_d805